Witamy w Bibliotece Naukowej Instytutu Łączności!

Amatorskie urządzenia krótkofalowe / (Rekord nr 6128)

000 -LEADER
fixed length control field 01149nam a2200301 i 4500
001 - CONTROL NUMBER
control field vtls003135450
003 - CONTROL NUMBER IDENTIFIER
control field NUKAT
005 - DATE AND TIME OF LATEST TRANSACTION
control field 20180628143512.0
008 - FIXED-LENGTH DATA ELEMENTS--GENERAL INFORMATION
fixed length control field 140703s1971 pl a f |001 0 pol c
035 ## - SYSTEM CONTROL NUMBER
System control number xx003135450
039 #9 - LEVEL OF BIBLIOGRAPHIC CONTROL AND CODING DETAIL [OBSOLETE]
Level of rules in bibliographic description 201806131341
Level of effort used to assign nonsubject heading access points vapkr
Level of effort used to assign subject headings 201609031342
Level of effort used to assign classification vbj
Level of effort used to assign subject headings 201602031431
Level of effort used to assign classification vpbwgd
Level of effort used to assign subject headings 201505222345
Level of effort used to assign classification kopumk
040 ## - CATALOGING SOURCE
Original cataloging agency KR 197/JG
Transcribing agency KR 197/JG
Modifying agency KR 197/MM
100 1# - MAIN ENTRY--PERSONAL NAME
Personal name Girulski, Ryszard
Dates associated with a name ( -2008).
245 10 - TITLE STATEMENT
Title Amatorskie urządzenia krótkofalowe /
Statement of responsibility, etc Ryszard Girulski.
250 ## - EDITION STATEMENT
Edition statement Wyd. 2 przerobione.
260 ## - PUBLICATION, DISTRIBUTION, ETC. (IMPRINT)
Place of publication, distribution, etc Warszawa :
Name of publisher, distributor, etc Wydawnictwa Naukowo-Techniczne,
Date of publication, distribution, etc 1971.
300 ## - PHYSICAL DESCRIPTION
Extent 430, [2] s., [3] s. tabl. złoż. :
Other physical details il. ;
Dimensions 24 cm.
504 ## - BIBLIOGRAPHY, ETC. NOTE
Bibliography, etc Bibliogr. s. 406. Indeks.
521 8# - TARGET AUDIENCE NOTE
Target audience note Książka przeznaczona jest dla radioamatorów - krótkofalowców (nadawców i nasłuchowców).
650 ## - SUBJECT ADDED ENTRY--TOPICAL TERM
Topical term or geographic name as entry element Radiofonia na falach krótkich
Form subdivision podręczniki dla amatorów.
710 2# - ADDED ENTRY--CORPORATE NAME
Corporate name or jurisdiction name as entry element Wydawnictwa Naukowo-Techniczne.
Relator code pbl
9 (RLIN) 19
942 ## - ADDED ENTRY ELEMENTS (KOHA)
Source of classification or shelving scheme
Koha item type Książki
956 ## - LOCAL ELECTRONIC LOCATION AND ACCESS (OCLC)
Host name KR_119
960 ## - PHYSICAL LOCATION (RLIN)
Physical location, PLOC (RLIN) GD_101
Egzemplarze
Withdrawn status Lost status Source of classification or shelving scheme Damaged status Not for loan Permanent Location Current Location Shelving location Date acquired Inventory number Full call number Barcode Date last seen Price effective from Koha item type
          Instytut Łączności Instytut Łączności Magazyn 1971-04-09 26628 26628 26628 2022-08-12 2017-11-30 Książki

Działa dzięki Koha